Catàleg de manuscrits de teatre en català de l'Institut del Teatre / per Anna Vázquez i Estévez
Publicado:
Barcelona :
Generalitat de Catalunya, Departament de Cultura i Mitjans de Comunicació ,
1981
Descripción Física:
420 p., [1] f. ; 18 cm
MARC
| LEADER | 00000nam a2200000Ia 4500 | ||
|---|---|---|---|
| 001 | 632 | ||
| 008 | 160829s1981 xx 000 0 cat d | ||
| 080 | |a L-1-124 | ||
| 100 | |a Vázquez i Estévez, Anna |9 34611 | ||
| 245 | |a Catàleg de manuscrits de teatre en català de l'Institut del Teatre / per Anna Vázquez i Estévez | ||
| 260 | |a Barcelona : |b Generalitat de Catalunya, Departament de Cultura i Mitjans de Comunicació, |c 1981 | ||
| 300 | |a 420 p., [1] f. ; |c 18 cm | ||
| 490 | |a Direcció General del Patrimoni Cultural. Servei de Biblioteques i del Patrimoni Bibliogràfic ; I/1 | ||
| 650 | |a Teatre català |x Manuscrits |x Catàlegs |9 25557 | ||
| 650 | |a Institut del Teatre (Barcelona) |x Catàlegs |9 33360 | ||
| 710 | 1 | |a Catalunya. |b Departament de Cultura i Mitjans de Comunicació |9 55890 | |
| 901 | |a Arxiu | ||
| 942 | |n 1 | ||
| 952 | |0 0 |1 0 |4 0 |6 L1124 |7 1 |9 43676 |a Arxiu |b Arxiu |d 2016-12-01 |l 0 |o L-1-124 |p 632 |r 2016-12-01 00:00:00 |w 2016-12-01 |y ARXIU | ||
| 999 | |c 46224 |d 46224 | ||